000 00613nam a22002297a 4500
003 UA-OsUOA
001 65051
007 ta
008 20091112b un ||||| |||| 00| 0 ukr d
100 _aБагалий Д. И.
090 _a82.09(477)
_bБ14
942 _cBK
040 _aUA-OsUOA
_brus
_cUA-OsUOA
_dUA-OsUOA
245 _aИздания сочиненый Г. С. Сковороды
300 _a57 с.
955 _a2
041 _arus
080 _a82.09(477)
260 _aПетроградь
650 7 _a82 Література. Літературознавство
_2UDC
999 _c351162
_d351162